00649nam a2200193Ia 4500008004100000020001300041082001400054100001900068245008500087250000700172260003600179300002300215500000700238600002100245650005000266942000700316952011700323999001500440240925s9999 xx 000 0 und d a72225653 a005.8 BRA aBrain , Bufege 0aHacking exposed J2EE & java: developing secure applications with java technology aNA aNew York:bMc Graw HIllc,2002. a612p.bNAfPirated aNA aComputer Science aComputer science, information & general works cBK 001040708CSaUITUbUITUd2003-11-04eF.B.Cg2400.00l0o005.8 BRApQ5330r2024-09-25 07:13:49w2024-09-25yBK c7829d7829